Central Library and Information Centre
Sibsagar Girls' College, Sivasagar : Assam

GRAMMAR AND COMPOSITION (Record no. 7811)

MARC details
000 -LEADER
fixed length control field 00406cam a2200169ua 4500
008 - FIXED-LENGTH DATA ELEMENTS--GENERAL INFORMATION
fixed length control field 160705n II |||gr||||Z||||||eng
040 ## - CATALOGING SOURCE
Original cataloging agency MAIN
041 ## - LANGUAGE CODE
-- English
100 ## - MAIN ENTRY--PERSONAL NAME
Personal name SHEPPARD , C.A.
245 ## - TITLE STATEMENT
Title GRAMMAR AND COMPOSITION
260 ## - PUBLICATION, DISTRIBUTION, ETC.
Place of publication, distribution, etc. HYDERABAD:
Name of publisher, distributor, etc. ORIENT LONGMAN,
Date of publication, distribution, etc. 1978.
300 ## - PHYSICAL DESCRIPTION
Extent 124.:
Dimensions 18.
700 ## - ADDED ENTRY--PERSONAL NAME
Personal name THOMAS, DAVID REID.,
Relator term AUTHOR.
942 ## - ADDED ENTRY ELEMENTS (KOHA)
Koha item type Books
653 ## - INDEX TERM--UNCONTROLLED
Uncontrolled term Grammar
Holdings
Withdrawn status Lost status Source of classification or shelving scheme Damaged status Not for loan Collection code Home library Current library Shelving location Date acquired Barcode Date last seen Price effective from Koha item type Public note Full call number
    Dewey Decimal Classification     TBENG Central Library and Information Centre Sibsagar Girls College Central Library and Information Centre Sibsagar Girls College ENGLISH BOOK RACK 19.08.1980 06947 22.11.2022 22.11.2022 Books V  
    Dewey Decimal Classification     REFENG Central Library and Information Centre Sibsagar Girls College Central Library and Information Centre Sibsagar Girls College ENGLISH BOOK RACK 19.08.1980 06950 22.11.2022 22.11.2022 Books V  
    Dewey Decimal Classification     REFENG Central Library and Information Centre Sibsagar Girls College Central Library and Information Centre Sibsagar Girls College ENGLISH BOOK RACK 19.08.1980 06949 12.06.2023 12.06.2023 Books V 415 SHE


Sibsagar Girl's College © 2020. All rights reserved.
Powered by Koha.
Maintained by Abhijit Borpuzari.